| 000 | 00426nam a22001697a 4500 | ||
|---|---|---|---|
| 999 |
_c2641 _d2641 |
||
| 003 | OSt | ||
| 005 | 20181017123135.0 | ||
| 008 | 181017b ||||| |||| 00| 0 eng d | ||
| 040 | _cDLC | ||
| 082 |
_a268 _bP558T |
||
| 100 | _aPhillips, Harold L | ||
| 245 |
_aThe Tramp Of Many Feet / _cBy Harold L. Phillips. |
||
| 260 |
_aIndiana : _bGospel Trumpet Company, |
||
| 300 | _a32 p.: | ||
| 650 | _aSunday School | ||
| 942 |
_2ddc _cBK |
||